Quy định pháp luật về bảo hiểm tương hỗ

Sách giới thiệu nghị định số 18/2005/NĐ-CP và Thông tư số 52/2005/TT-BTC quy định về hình thức bảo hiểm tương hỗ.

Guardat en:
Dades bibliogràfiques
Format: Llibre
Idioma:Undetermined
Publicat: Hà Nội Chính trị Quốc gia 2005
Matèries:
Etiquetes: Afegir etiqueta
Sense etiquetes, Sigues el primer a etiquetar aquest registre!
Thư viện lưu trữ: Trung tâm Học liệu Trường Đại học Cần Thơ
LEADER 00664nam a2200181Ia 4500
001 CTU_111768
008 210402s9999 xx 000 0 und d
020 |c 10000 
082 |a 346.086 
082 |b Qu600 
245 0 |a Quy định pháp luật về bảo hiểm tương hỗ 
260 |a Hà Nội 
260 |b Chính trị Quốc gia 
260 |c 2005 
520 |a Sách giới thiệu nghị định số 18/2005/NĐ-CP và Thông tư số 52/2005/TT-BTC quy định về hình thức bảo hiểm tương hỗ. 
650 |a Insurance 
904 |i Giang 
980 |a Trung tâm Học liệu Trường Đại học Cần Thơ